000 00630nam a22002177a 4500
005 20251108174744.0
008 250721s2009 xx 000 0 ara d
082 1 4 _a320.11/منت
245 1 0 _aدولة السلطة و سلطة الدولة /
264 1 _aعمان :
_bمنتدى الفكر العربي،
_c2009.
300 _a201ص.
490 0 _aالحوارات العربية
650 1 7 _aالسياسة
650 1 7 _aالدولة
650 1 7 _aالسلطة
650 1 7 _aالبلدان العربية
650 1 7 _aالديمقراطية
650 1 7 _aالندوات
942 _2ddc
_cBK
999 _c117223
_d117223